000 00851nam a22002657a 4500
001 06967
003 HDC
007 cr bn ---
008 210126p2005 ||||| |||| 00| 0 eng d
040 _aHDC
100 _aSalanti, Anna M.,
_eauthor
_97450
245 0 _aGenetically Engineered Foods /
_cBy Anna M. Salanti
260 _a[No place] :
_b[No punlisher],
_c2005
336 _atext
_2rdacontent
337 _acomputer
_2rdamedia
338 _aonline resource
_2rdacarrier
650 _aAntibiotic Resistance
_97452
650 _aDNA
_97451
650 _aGenetic engineering
_93549
650 _aNutrition
_91968
856 _zRequest full-text at [email protected]
942 _2lcc
942 _cAR
942 _kJART 000626
999 _c4291
_d4291